[Event "ISL-ch sf"]
[Site "Kopavogur"]
[Date "2014.05.28"]
[Round "5"]
[White "Steinthorsson, Felix"]
[Black "Jonsson, Gauti Pall"]
[Result "0-1"]
[WhiteElo "1547"]
[BlackElo "1662"]
[PlyCount "60"]
[EventDate "2014.05.23"]
[EventType "swiss"]
[EventRounds "9"]
[EventCountry "ISL"]
[SourceTitle "CBM 160 Extra"]
[Source "ChessBase"]
[SourceDate "2014.07.01"]
[SourceVersion "1"]
[SourceVersionDate "2014.07.01"]
[SourceQuality "1"]

1. d4 Nf6 2. c4 e6 3. Nc3 Bb4 4. e3 0-0 5. a3 Bxc3+ 6. bxc3 b6 7. Bd3 Bb7 8. Nf3 Ne4 9. Bb2 d6 10. 0-0 f5 11. Nd2 Qh4 12. f3 Nxd2 13. Qxd2 Nd7 14. Rae1 e5 15. e4 f4 16. Qf2 Qh5 17. g3 fxg3 18. Qxg3 Rf6 19. Kh1 Rg6 20. Qf2 Rf8 21. d5 Nc5 22. Bc2 Rh6 23. Bc1 Rxf3 24. Qg2 Rxf1+ 25. Rxf1 Rg6 26. Qd2 Bc8 27. Qe3 Bg4 28. Rf2 Bd1 29. Bb1 Qg4 30. Rf1 Qg2# 0-1

[Event "Reykjavik op"]
[Site "Reykjavik"]
[Date "2014.03.06"]
[Round "4"]
[White "Eliasson, Kristjan Orn"]
[Black "Steinthorsson, Felix"]
[Result "1-0"]
[WhiteElo "1875"]
[BlackElo "1530"]
[PlyCount "65"]
[EventDate "2014.03.04"]
[EventType "swiss"]
[EventRounds "10"]
[EventCountry "ISL"]
[SourceTitle "CBM 159 Extra"]
[Source "ChessBase"]
[SourceDate "2014.04.24"]
[SourceVersion "1"]
[SourceVersionDate "2014.04.24"]
[SourceQuality "1"]

1. e4 e6 2. Nf3 d5 3. exd5 exd5 4. d4 Bd6 5. Nc3 c6 6. Be3 Ne7 7. Bd3 0-0 8. Qd2 Bf5 9. Be2 Nd7 10. Nh4 Qc7 11. g4 Bg6 12. f4 Be4 13. Rf1 b6 14. 0-0-0 Bb4 15. a3 Bxc3 16. Qxc3 Rac8 17. Nf3 c5 18. Ba6 Rb8 19. Ng5 h6 20. Nxe4 dxe4 21. d5 Nc8 22. f5 Nd6 23. g5 hxg5 24. Bxg5 f6 25. Bf4 b5 26. a4 bxa4 27. Be2 Qb6 28. Rg1 Rb7 29. Rdf1 Nb5 30. Qg3 Ne5 31. Bxe5 fxe5 32. d6 Nd4 33. Bc4+ 1-0

[Event "Nordic-ch U13"]
[Site "Billund"]
[Date "2014.02.16"]
[Round "5"]
[White "Skaale, Janus"]
[Black "Steinthorsson, Felix"]
[Result "0-1"]
[WhiteElo "1343"]
[BlackElo "1536"]
[PlyCount "94"]
[EventDate "2014.02.14"]
[EventType "swiss"]
[EventRounds "6"]
[EventCountry "DEN"]
[SourceTitle "EXT 2024"]
[Source "ChessBase"]
[SourceDate "2023.10.10"]
[SourceVersion "1"]
[SourceVersionDate "2023.10.10"]
[SourceQuality "1"]

1. e4 e6 2. Nf3 d5 3. exd5 exd5 4. d4 Bd6 5. Nc3 c6 6. h3 Ne7 7. Bd3 Bf5 8. 0-0 0-0 9. Re1 Bg6 10. Ne5 Bxd3 11. Qxd3 f6 12. Nf3 Nd7 13. Ne2 Qc7 14. Nh4 Rae8 15. Be3 Nb6 16. b3 Nbc8 17. Qd2 Kh8 18. Bf4 Bxf4 19. Nxf4 Qd7 20. Ne6 Rg8 21. Qe2 Nd6 22. Qh5 Ne4 23. Nc5 Qc7 24. Nxe4 dxe4 25. Rxe4 g5 26. Nf5 Ng6 27. Rae1 Rxe4 28. Rxe4 Qd7 29. Qg4 Rd8 30. Nh6 Qxg4 31. Nxg4 f5 32. Nh6 Rf8 33. Nxf5 Rxf5 34. g4 Rf6 35. Re3 Kg7 36. c4 Rd6 37. Re4 Kf7 38. Kg2 Nf4+ 39. Kg3 Rxd4 40. Re5 h6 41. h4 gxh4+ 42. Kf3 Ng6 43. Rh5 Rf4+ 44. Ke2 Rxg4 45. Rxh6 Kg7 46. f3 Rg2+ 47. Ke3 Kxh6 0-1

[Event "Nordic-ch U13"]
[Site "Billund"]
[Date "2014.02.14"]
[Round "1"]
[White "Heimisson, Hilmir Freyr"]
[Black "Steinthorsson, Felix"]
[Result "1-0"]
[WhiteElo "1761"]
[BlackElo "1536"]
[PlyCount "85"]
[EventDate "2014.02.14"]
[EventType "swiss"]
[EventRounds "6"]
[EventCountry "DEN"]
[SourceTitle "EXT 2024"]
[Source "ChessBase"]
[SourceDate "2023.10.10"]
[SourceVersion "1"]
[SourceVersionDate "2023.10.10"]
[SourceQuality "1"]

1. e4 e6 2. d4 d5 3. Nc3 Nf6 4. Bg5 Bb4 5. e5 h6 6. exf6 hxg5 7. fxg7 Rg8 8. Qh5 Qf6 9. Nf3 Qxg7 10. Bd3 Be7 11. Ne5 a6 12. 0-0 Nd7 13. Rfe1 Nxe5 14. dxe5 Bd7 15. Qe2 Rh8 16. h3 Rg8 17. f3 Rh8 18. Nd1 Rh6 19. Kh1 Bc5 20. a3 Ke7 21. b4 Bb6 22. c4 dxc4 23. Bxc4 Rah8 24. Qf1 Rh4 25. Rc1 R8h6 26. Nb2 Qh8 27. Kh2 c6 28. Nd3 Bc7 29. Bb3 f5 30. Rcd1 c5 31. Rc1 Bb5 32. Rxc5 Bb6 33. Rec1 Qd8 34. Rxb5 axb5 35. Nc5 Bxc5 36. Rxc5 Qd7 37. Qc1 Kd8 38. Qxg5+ Ke8 39. Qg8+ Ke7 40. Qg5+ Ke8 41. Qc1 Kd8 42. Rc2 Rd4 43. Qxh6 1-0

[Event "EU-ch U12 23rd"]
[Site "Budva"]
[Date "2013.10.07"]
[Round "8"]
[White "Steinthorsson, Felix"]
[Black "Maksimovic, Bojan"]
[Result "0-1"]
[WhiteElo "1513"]
[BlackElo "1744"]
[PlyCount "120"]
[EventDate "2013.09.29"]
[EventType "swiss"]
[EventRounds "9"]
[EventCountry "MNE"]
[SourceTitle "EXT 2014"]
[Source "ChessBase"]
[SourceDate "2013.11.20"]
[SourceVersion "1"]
[SourceVersionDate "2013.11.20"]
[SourceQuality "1"]

1. d4 Nf6 2. Bg5 g6 3. Bxf6 exf6 4. e4 Bg7 5. c3 0-0 6. Bd3 d5 7. Ne2 dxe4 8. Bxe4 Re8 9. Bd3 c5 10. 0-0 cxd4 11. Nxd4 f5 12. Nf3 Nc6 13. Bb5 Bd7 14. Nbd2 Qb6 15. Bxc6 Bxc6 16. Qb3 Qxb3 17. Nxb3 Bxf3 18. gxf3 Re2 19. Rab1 Rae8 20. Rfd1 Rc2 21. Rd2 Rxd2 22. Nxd2 Re2 23. Nc4 b5 24. Kf1 Re6 25. Ne3 Be5 26. h3 f4 27. Ng4 Bg7 28. Rd1 h5 29. Nh2 Kf8 30. a3 a5 31. Rd5 b4 32. axb4 axb4 33. cxb4 Bxb2 34. b5 Ke7 35. Kg2 Re5 36. Rxe5+ Bxe5 37. Nf1 Bc3 38. Nh2 Kd6 39. Kf1 Kc5 40. Ke2 Bd4 41. Nf1 Kxb5 42. Nd2 f5 43. Nb3 Bb6 44. Nc1 Kc4 45. Nd3 Bc7 46. Kd2 g5 47. Ke2 Bd6 48. Ne1 Kd4 49. Nc2+ Kc3 50. Ne1 Kd4 51. Nd3 h4 52. Nc1 Ke5 53. Nb3 Kf6 54. Nd2 Bb4 55. Nf1 Kg6 56. Nh2 Bc5 57. Kf1 Kf6 58. Kg2 Ke5 59. Nf1 Kd4 60. Nd2 Kc3 0-1

[Event "EU-ch U12 23rd"]
[Site "Budva"]
[Date "2013.10.01"]
[Round "3"]
[White "Acs, Marton"]
[Black "Steinthorsson, Felix"]
[Result "1-0"]
[WhiteElo "1780"]
[BlackElo "1513"]
[PlyCount "99"]
[EventDate "2013.09.29"]
[EventType "swiss"]
[EventRounds "9"]
[EventCountry "MNE"]
[SourceTitle "EXT 2014"]
[Source "ChessBase"]
[SourceDate "2013.11.20"]
[SourceVersion "1"]
[SourceVersionDate "2013.11.20"]
[SourceQuality "1"]

1. e4 e6 2. d3 d5 3. Nd2 c5 4. g3 Nc6 5. Bg2 Nf6 6. Ngf3 Be7 7. 0-0 b6 8. Re1 0-0 9. e5 Nd7 10. Nf1 Qc7 11. Bf4 Bb7 12. h4 Rac8 13. c3 b5 14. N1h2 c4 15. d4 a5 16. Ng5 Rfe8 17. Qh5 Bxg5 18. hxg5 b4 19. Ng4 Nf8 20. Nf6+ Kh8 21. Bf3 gxf6 22. gxf6 Ng6 23. Qh6 Rg8 24. Kg2 a4 25. Rh1 Nf8 26. Qh5 Ne7 27. Rh2 Neg6 28. Bh6 Qd8 29. Bg7+ Rxg7 30. fxg7+ Kxg7 31. Rah1 f5 32. Bd1 b3 33. a3 Bc6 34. f4 Kf7 35. g4 Bd7 36. Bf3 Ke8 37. Kg3 Qe7 38. gxf5 exf5 39. Bxd5 Be6 40. Bf3 Rd8 41. Rd1 Qf7 42. Qg5 Qe7 43. Qxe7+ Kxe7 44. d5 Bc8 45. Rd4 Ba6 46. Rh5 Ne6 47. d6+ Kf8 48. Rxf5+ Kg7 49. Rd1 h5 50. Bxh5 1-0

[Event "EU-ch U12 23rd"]
[Site "Budva"]
[Date "2013.09.30"]
[Round "2"]
[White "Steinthorsson, Felix"]
[Black "Psyk, Radoslaw"]
[Result "0-1"]
[WhiteElo "1513"]
[BlackElo "1752"]
[PlyCount "60"]
[EventDate "2013.09.29"]
[EventType "swiss"]
[EventRounds "9"]
[EventCountry "MNE"]
[SourceTitle "EXT 2014"]
[Source "ChessBase"]
[SourceDate "2013.11.20"]
[SourceVersion "1"]
[SourceVersionDate "2013.11.20"]
[SourceQuality "1"]

1. d4 d5 2. c4 e6 3. Nc3 Nf6 4. cxd5 exd5 5. Bg5 Be7 6. e3 c6 7. Qc2 0-0 8. Bd3 h6 9. Bh4 Re8 10. Nge2 Nbd7 11. 0-0-0 b5 12. h3 Qa5 13. g4 b4 14. Na4 Nb6 15. b3 Nxa4 16. bxa4 Bd7 17. Bxf6 Bxf6 18. Bf5 Bxf5 19. gxf5 Rab8 20. Rd3 Rec8 21. Kd1 c5 22. dxc5 Rxc5 23. Qb3 Rb6 24. Rg1 Qa6 25. Ke1 Rc3 26. Rxc3 bxc3 27. Qd1 Qc4 28. Nc1 Rb1 29. Rg4 c2 30. Qd2 Rxc1+ 0-1

[Event "ISL-ch op"]
[Site "Reykjavik"]
[Date "2013.06.04"]
[Round "5"]
[White "Steinthorsson, Felix"]
[Black "Thorhallsson, Simon"]
[Result "1/2-1/2"]
[WhiteElo "1443"]
[BlackElo "1516"]
[PlyCount "65"]
[EventDate "2013.05.31"]
[EventType "swiss"]
[EventRounds "10"]
[EventCountry "ISL"]
[SourceTitle "CBM 154 Extra"]
[Source "ChessBase"]
[SourceDate "2013.06.25"]
[SourceVersion "2"]
[SourceVersionDate "2013.06.25"]
[SourceQuality "1"]

1. d4 d5 2. c4 c6 3. Nf3 Nf6 4. Nc3 dxc4 5. a4 Bf5 6. e3 e6 7. Bxc4 Bb4 8. Bd2 0-0 9. 0-0 Nbd7 10. Nh4 Qc7 11. Nxf5 exf5 12. h3 c5 13. Nb5 Qa5 14. Be1 g6 15. dxc5 Nxc5 16. Bxb4 Qxb4 17. Qd4 Kg7 18. Bxf7 Qxd4 19. exd4 Nd3 20. Bc4 Nxb2 21. Be2 Rae8 22. Nc3 Ne4 23. Nxe4 Rxe4 24. Bf3 Rxd4 25. Bxb7 Rb8 26. Bc6 Rb6 27. Bb5 a6 28. Rfb1 Nxa4 29. Be2 Rxb1+ 30. Rxb1 Nc5 31. Ra1 Rd7 32. Ra2 Kf6 33. Bxa6 1/2-1/2

[Event "ISL-ch op"]
[Site "Reykjavik"]
[Date "2013.06.01"]
[Round "3"]
[White "Steinthorsson, Felix"]
[Black "Johannsdottir, Johanna Bjorg"]
[Result "0-1"]
[WhiteElo "1443"]
[BlackElo "1890"]
[PlyCount "38"]
[EventDate "2013.05.31"]
[EventType "swiss"]
[EventRounds "10"]
[EventCountry "ISL"]
[SourceTitle "CBM 154 Extra"]
[Source "ChessBase"]
[SourceDate "2013.06.25"]
[SourceVersion "2"]
[SourceVersionDate "2013.06.25"]
[SourceQuality "1"]

1. d4 d5 2. Nf3 Nf6 3. c4 c6 4. Nc3 e6 5. Bg5 Nbd7 6. e3 Qa5 7. Nd2 Bb4 8. Qc2 0-0 9. Be2 c5 10. 0-0 cxd4 11. exd4 dxc4 12. Nxc4 Qxg5 13. f4 Qg6 14. Bd3 Qh6 15. Rf3 g6 16. Raf1 Ng4 17. Rh3 Qg7 18. Ne4 Qxd4+ 19. Nf2 b5 0-1

[Event "Reykjavik op"]
[Site "Reykjavik"]
[Date "2013.02.22"]
[Round "5"]
[White "Bakkes, Frits"]
[Black "Steinthorsson, Felix"]
[Result "1-0"]
[WhiteElo "1750"]
[BlackElo "1449"]
[PlyCount "105"]
[EventDate "2013.02.19"]
[EventType "swiss"]
[EventRounds "10"]
[EventCountry "ISL"]
[SourceTitle "CBM 153 Extra"]
[Source "ChessBase"]
[SourceDate "2013.04.22"]
[SourceVersion "1"]
[SourceVersionDate "2013.04.22"]
[SourceQuality "1"]

1. d4 d5 2. Nc3 Nf6 3. e4 dxe4 4. f3 exf3 5. Nxf3 Bg4 6. h3 Bxf3 7. Qxf3 c6 8. Bf4 a6 9. Rd1 e6 10. Be2 Bd6 11. Bg5 Nbd7 12. Ne4 Be7 13. 0-0 0-0 14. Nc5 Nxc5 15. dxc5 Bxc5+ 16. Kh1 Qe7 17. Bd3 h6 18. Bxf6 Qxf6 19. Qe4 Qg6 20. Qc4 Qg5 21. Rf4 Kh8 22. Rg4 Qd5 23. Qc3 e5 24. Be2 Bd4 25. Qg3 e4 26. c3 Be5 27. Rxd5 Bxg3 28. Rd7 Bf2 29. Rxe4 Rae8 30. Rde7 Rxe7 31. Rxe7 Bg3 32. Kg1 Rd8 33. Rxb7 f6 34. Bxa6 Rd1+ 35. Bf1 Rb1 36. a4 Ra1 37. Rb4 f5 38. Rc4 Rb1 39. b4 Ra1 40. a5 c5 41. Rxc5 Kh7 42. Rxf5 Rc1 43. Rf3 Be1 44. a6 Bxc3 45. b5 Bd4+ 46. Kh2 Be5+ 47. g3 Bd4 48. h4 Kg8 49. Bg2 Rb1 50. Rf5 Rb2 51. Kh3 Rc2 52. Bd5+ Kh8 53. Rf8+ 1-0

[Event "Reykjavik op"]
[Site "Reykjavik"]
[Date "2012.03.13"]
[Round "9"]
[White "Steinthorsson, Felix"]
[Black "Brynjarsson, Eirikur Orn"]
[Result "0-1"]
[WhiteElo "1298"]
[BlackElo "1638"]
[PlyCount "56"]
[EventDate "2012.03.06"]
[EventType "swiss"]
[EventRounds "9"]
[EventCountry "ISL"]
[SourceTitle "CBM 147 Extra"]
[Source "ChessBase"]
[SourceDate "2012.04.24"]
[SourceVersion "1"]
[SourceVersionDate "2012.04.24"]
[SourceQuality "1"]

1. d4 d5 2. Nf3 Nf6 3. Bf4 c6 4. e3 e6 5. Nbd2 Qb6 6. Qc1 Nbd7 7. c3 c5 8. Be2 Bd6 9. Bg3 0-0 10. Qc2 Re8 11. Ne5 Qc7 12. Ndf3 h6 13. Nxd7 Bxd7 14. Bxd6 Qxd6 15. Ne5 Rac8 16. h4 b5 17. Qd2 Ne4 18. Qd1 f6 19. Ng6 e5 20. dxe5 fxe5 21. h5 c4 22. Bf3 Nf6 23. e4 d4 24. a3 d3 25. Qd2 Bc6 26. Qe3 a6 27. 0-0-0 Rb8 28. g4 Nh7 0-1

[Event "Reykjavik op"]
[Site "Reykjavik"]
[Date "2012.03.12"]
[Round "8"]
[White "Johannesson, Kristofer Joel"]
[Black "Steinthorsson, Felix"]
[Result "1/2-1/2"]
[WhiteElo "1449"]
[BlackElo "1298"]
[PlyCount "61"]
[EventDate "2012.03.06"]
[EventType "swiss"]
[EventRounds "9"]
[EventCountry "ISL"]
[SourceTitle "CBM 147 Extra"]
[Source "ChessBase"]
[SourceDate "2012.04.24"]
[SourceVersion "1"]
[SourceVersionDate "2012.04.24"]
[SourceQuality "1"]

1. e4 e6 2. d4 d5 3. Nc3 Bb4 4. e5 c5 5. a3 Bxc3+ 6. bxc3 c4 7. Qg4 g6 8. Bg5 Qa5 9. Ne2 Nc6 10. g3 h6 11. Bd2 Bd7 12. f4 0-0-0 13. Qf3 Nge7 14. Bh3 h5 15. 0-0 Nf5 16. Rfb1 Rdg8 17. Nc1 Qd8 18. Ne2 f6 19. Rb2 fxe5 20. fxe5 Rf8 21. Bxf5 Rxf5 22. Qe3 g5 23. h3 Qf8 24. Rab1 b6 25. Re1 g4 26. h4 Rg8 27. Rbb1 Ne7 28. Rf1 Ba4 29. Rbc1 Qg7 30. Nf4 Kd7 31. Rf2 1/2-1/2

[Event "Reykjavik op"]
[Site "Reykjavik"]
[Date "2012.03.10"]
[Round "5"]
[White "Steinthorsson, Felix"]
[Black "Johannesson, Oliver Aron"]
[Result "0-1"]
[WhiteElo "1298"]
[BlackElo "1677"]
[PlyCount "51"]
[EventDate "2012.03.06"]
[EventType "swiss"]
[EventRounds "9"]
[EventCountry "ISL"]
[SourceTitle "CBM 147 Extra"]
[Source "ChessBase"]
[SourceDate "2012.04.24"]
[SourceVersion "1"]
[SourceVersionDate "2012.04.24"]
[SourceQuality "1"]

1. d4 Nf6 2. Nf3 e6 3. Bf4 d5 4. e3 Be7 5. Nbd2 0-0 6. Bd3 c5 7. c3 b6 8. Ne5 Bb7 9. h3 Nbd7 10. Bc2 Re8 11. 0-0 cxd4 12. exd4 b5 13. a3 a5 14. Ndf3 b4 15. axb4 axb4 16. Qd3 bxc3 17. bxc3 Nxe5 18. dxe5 Ne4 19. Bd2 g6 20. Qe3 Nxd2 21. Qxd2 Qc7 22. Rac1 Qxc3 23. Qh6 Qb2 24. Bxg6 hxg6 25. Rb1 Qc3 26. Rxb7 0-1

[Event "Reykjavik op"]
[Site "Reykjavik"]
[Date "2012.03.06"]
[Round "1"]
[White "Steinthorsson, Felix"]
[Black "Ingvason, Johann"]
[Result "0-1"]
[WhiteElo "1298"]
[BlackElo "2132"]
[PlyCount "68"]
[EventDate "2012.03.06"]
[EventType "swiss"]
[EventRounds "9"]
[EventCountry "ISL"]
[SourceTitle "CBM 147 Extra"]
[Source "ChessBase"]
[SourceDate "2012.04.24"]
[SourceVersion "1"]
[SourceVersionDate "2012.04.24"]
[SourceQuality "1"]

1. d4 d5 2. Nf3 e6 3. Bf4 Nf6 4. e3 Bd6 5. Bg3 Nc6 6. Nbd2 Qe7 7. c3 e5 8. dxe5 Nxe5 9. Nxe5 Bxe5 10. Bxe5 Qxe5 11. Nf3 Qe7 12. h3 Bd7 13. Qb3 0-0 14. Bd3 c5 15. Qc2 Bc6 16. 0-0-0 b5 17. Kb1 a5 18. Rhe1 a4 19. a3 Rfc8 20. Qe2 b4 21. cxb4 cxb4 22. Ka2 bxa3 23. bxa3 d4 24. Bc4 Bd5 25. Rc1 Rxc4 26. Rxc4 Ne4 27. Kb2 Nc3 28. Qd3 Rb8+ 29. Kc2 Qxa3 30. Rxc3 Qb2+ 31. Kd1 dxc3 32. Qxd5 c2+ 33. Ke2 c1Q+ 34. Kf1 Qcc2 0-1